Strategic issues for chartered surveyors ... competing on service quality (Record no. 93637)

MARC details
000 -LEADER
fixed length control field 00806cam a2200265 4500
001 - CONTROL NUMBER
control field B3373
008 - FIXED-LENGTH DATA ELEMENTS--GENERAL INFORMATION
fixed length control field 090401t1991 xxu||||| |||| 00| 0 eng d
035 ## - SYSTEM CONTROL NUMBER
System control number (Sirsi) u55706
041 ## - LANGUAGE CODE
Language code of text/sound track or separate title eng
050 ## - LIBRARY OF CONGRESS CALL NUMBER
Classification number 658.812
-- 21
110 ## - MAIN ENTRY--CORPORATE NAME
Corporate name or jurisdiction name as entry element Touche Ross
9 (RLIN) 233
245 ## - TITLE STATEMENT
Title Strategic issues for chartered surveyors ... competing on service quality
260 ## - PUBLICATION, DISTRIBUTION, ETC.
Place of publication, distribution, etc. London
Name of publisher, distributor, etc. Touche Ross
Date of publication, distribution, etc. 1991
300 ## - PHYSICAL DESCRIPTION
Extent 12 leaves ; 30cm.
350 ## - PRICE (NR) (BK AM CF MU VM SE) [OBSOLETE]
Price 0
490 ## - SERIES STATEMENT
Series statement Touche Ross Strategic Issues for Chartered Surveyors Bulletin
Volume/sequential designation 4
520 ## - SUMMARY, ETC.
Summary, etc. Series previously published by Spicers Consulting Group .
650 ## - SUBJECT ADDED ENTRY--TOPICAL TERM
Topical term or geographic name entry element ABOUT RICS-RICS MEMBERS
650 ## - SUBJECT ADDED ENTRY--TOPICAL TERM
Topical term or geographic name entry element COMPETITION
650 ## - SUBJECT ADDED ENTRY--TOPICAL TERM
Topical term or geographic name entry element CUSTOMER RELATIONSHIP MANAGEMENT
650 ## - SUBJECT ADDED ENTRY--TOPICAL TERM
Topical term or geographic name entry element CUSTOMER SERVICE
650 ## - SUBJECT ADDED ENTRY--TOPICAL TERM
Topical term or geographic name entry element QUALITY ASSURANCE
942 ## - ADDED ENTRY ELEMENTS (KOHA)
Suppress in OPAC 0
948 ## - LOCAL PROCESSING INFORMATION (OCLC); SERIES PART DESIGNATOR (RLIN)
c (OCLC) 04/03/1997
Holdings
Withdrawn status Lost status Source of classification or shelving scheme Damaged status Not for loan Home library Current library Shelving location Date acquired Total Checkouts Full call number Barcode Date last seen Date last checked out Copy number Price effective from Koha item type
    Dewey Decimal Classification     London London Basement 14/09/1999 2 BASEMENT 30002791 06/08/2019 21/03/2005 1 06/08/2019 Book